|
|
|
|
| LEADER |
00585nam a22001697a 4500 |
| 005 |
20151026130415.0 |
| 008 |
091209t xxu||||| |||| 00| 0 eng d |
| 020 |
|
|
|a 3-540-05997-0
|
| 080 |
|
|
|a 517.44(083)
|b OBE
|
| 100 |
|
|
|a Oberhettinger, Fritz
|9 1316
|
| 245 |
|
|
|a Tables of bessel transforms
|
| 260 |
|
|
|a New York
|b Springer-Verlag
|c 1972
|9 10045
|
| 300 |
|
|
|a 289p.
|
| 653 |
|
|
|a Mathematics
|a Operational calculus
|a Integrat transforms
|
| 942 |
|
|
|c BK
|6 _
|
| 999 |
|
|
|c 4684
|d 4684
|
| 952 |
|
|
|0 0
|1 0
|2 udc
|4 0
|6 51744083_OBE
|7 0
|9 15938
|a UL
|b UL
|d 2009-12-09
|o 517.44(083) OBE
|p 00019415
|r 2009-12-09
|w 2009-12-09
|y BK
|